| 000 | 00424nam a2200157 i 4500 | ||
|---|---|---|---|
| 001 | bg | ||
| 245 | 0 |
_aFerrimagnetizm / _cpod red. K. P. Belova, Ju. D. Tret'jakova. |
|
| 260 |
_a[Moskva] : _bIzdat. Moskov. Univ., _c1974. |
||
| 300 |
_a206, [3] s. : _brys., tab., ilustr. |
||
| 500 | _a[Alf. ros.]. | ||
| 040 | _cBPK | ||
| 041 | _apol | ||
| 080 | _a537.6+541.1 | ||
| 942 | _cKS | ||
| 008 | s pl f |000 0 pol | ||
| 999 |
_c16262 _d16262 |
||